1405 1869 1240 1850 1354 1417 1409 1213 1186 1789 1923 1051 1395 1064 1408 1811 1149 1978 1400 1548 1605 1170 1317 1275 1390 1843 1739 1331 1602 1144 1195 1824 1633 1735 1629 1787 1247 1247 1340 1069 1587 1041 1806 1461 1768 1417 1559 1308 1042 1223 1325 1906 1967 1138 1676 1036 1119 1589 1450 1331 1654 1182 1989 1403 1533 1702 1637 1431 1760 1910 1777 1699 1024 1821 1337 1693 1900 1203 1366 1919 1234 1758 1227 1475 1759 1424 1331 1431 1411 1830 1403 1739 1398 1190 1550 1663 1729 1656 1610 BCNSPRNW ULIB Ver.6.0+V

เปลี่ยนเป็นภาษาไทย

Change to English
 แสดงรายละเอียดบรรณานุกรม
  กลับหน้าหลัก

Brief Record : Get Marc (ISO 2709) : E-mail record : QR code < ปิดหน้าต่าง
LEADER : 00000nam 2200000uu 4500
001    13399114009
003     ULIB
008    120125s2545||||th 000 0 tha d
020    ^a9742944458
060 04 ^aWA546^bส712ศ 2545
245 00 ^aศูนย์สุขภาพชุมชน:หนทางสู่ระบบบริการที่พึงประสงค์ /^cสำเริง แหยงกระโทก ,รุจิรา มังคละศิริ,บรรณาธิการ
260    ^a[นครราชสีมา :^bสำนักงานสาธารณสุขจังหวัดนครราชสีมา], 2545
300    ^a220 หน้า.
650  7 ^aศูนย์สุขภาพชุมชน
700 0  ^aสำเริง แหยงกระโทก,^eบรรณาธิการ
700 0  ^aรุจิรา มังคละศิริ,^eบรรณาธิการ
710 2  ^aสำนักงานสาธารณสุขจังหวัดนครราชสีมา
945    ^p150^l0^i11532
945    ^p150^l0^i11533
945    ^p150^l0^i11531
995    ^aกัณชพร
999    ^aใช้งานได้ทุกระบบ
รายการนี้ยังไม่มีแท็ก
คุณยังไม่ได้ล็อกอิน คุณสามารถมีกิจกรรมร่วมกับเว็บไซต์ได้ แต่ต้องล็อกอินก่อน ::
  ล็อกอิน

รายการสื่อสารสนเทศ

ลำดับที่ ประเภท เลขเรียก/บาร์โค้ด สถานที่ สถานะ
- ไม่พบข้อมูล -

รายการใกล้เคียง
    หัวเรื่อง [ศูนย์สุขภาพชุมชน]

BibComment


ยังไม่เคยถูกคอมเมนท์

คอมเมนท์ทรัพยากรรายการนี้
  คอมเมนท์: ศูนย์สุขภาพชุมชน..


 Copyright 2026. Bcnsprnw @Library